| 000 | 00956nam a2200217Ia 4500 | ||
|---|---|---|---|
| 999 |
_c38872 _d38872 |
||
| 001 | 5285 | ||
| 003 | GE_BSU | ||
| 005 | 20190422193412.0 | ||
| 008 | 181216s1956|||| |||||||||||||| ||geo|| | ||
| 040 | _cGE_BSU | ||
| 041 | _ageo | ||
| 080 | _a624.04 + 624.041.2 ა-89 | ||
| 100 |
_aასტვაცატუროვი, ა.ი. _9349 |
||
| 245 |
_aსამშენებლო მექანიკა. სტატიკურად ურკვევი სისტემები : _bნაწ. 2 / _cა.ი. ასტვაცატუროვი |
||
| 264 |
_aთბილისი : _bტექნიკა და შრომა , _c1956 . |
||
| 300 |
_a364 გვ ; _bილ ; _c27 სმ . |
||
| 504 | _aბიბლიოგრ. : გვ. 360 | ||
| 653 | _aსამშენებლო მექანიკა. | ||
| 653 | _aსტატიკურად ურკვევი სისტემები. | ||
| 942 |
_cBK _2udc |
||